书目信息 |
| 题名: |
考研英语全面透析
|
|
| 作者: | 许建平 , 杨朝春 著 | |
| 分册: | ||
| 出版信息: | 北京 科学出版社 2005.06 |
|
| 页数: | 500页 | |
| 开本: | 26cm | |
| 丛书名: | ||
| 单 册: | ||
| 中图分类: | H31 | |
| 科图分类: | ||
| 主题词: | 英语 | |
| 电子资源: | ||
| ISBN: | 7-03-015546-7 | |
| 000 | 00948 nam 000277 | |
| 001 | 0100009605 | |
| 005 | 20100803145419.20 | |
| 010 | @a7-03-015546-7@dCNY45.00 | |
| 100 | @a20100729d1997 em y0chiy0121 ea | |
| 101 | @achi | |
| 102 | @aCN@b110000 | |
| 105 | @ay z 000yy | |
| 200 | 10 | @a考研英语全面透析@Akao yan ying yu quan mian tou xi@f许建平,杨朝春著@Fxu jian ping yang chao chun zhu |
| 205 | @a第2版 | |
| 210 | @a北京@c科学出版社@d2005.06 | |
| 215 | @a500页@d26cm | |
| 330 | @a本书内容分为2005考研英语概述及2006备考要点、英语知识应用讲解分析及应用策略、阅读理解讲解分析及应试策略、翻译部分讲解分析及应试策略、写作部分讲解分析及应试策略、2006年考研英语模拟试题6个单元。 | |
| 410 | 0 | @12001 |
| 540 | @a考研英语全面透析 | |
| 606 | @a英语 | |
| 690 | @aH31@v4 | |
| 701 | 0 | @a许建平@Axu jian ping@4著 |
| 701 | 1 | @a杨朝春@Ayang chao chun@4著 |
| 801 | @aCN@bDYGS@c20100803 | |
| 901 | @a210902 | |
| 905 | @b969615-7@dH31@eX870=2@f3 | |
| 考研英语全面透析/许建平,杨朝春著.-第2版.-北京:科学出版社,2005.06 |
| 500页;26cm |
| ISBN 7-03-015546-7:CNY45.00 |
| 本书内容分为2005考研英语概述及2006备考要点、英语知识应用讲解分析及应用策略、阅读理解讲解分析及应试策略、翻译部分讲解分析及应试策略、写作部分讲解分析及应试策略、2006年考研英语模拟试题6个单元。 |
| ● |
| 相关链接 |
|
|
|
正题名:考研英语全面透析
索取号:H31/X870=2
 
预约/预借
| 序号 | 登录号 | 条形码 | 馆藏地/架位号 | 状态 | 备注 |
| 1 | 969615 | 209696159 | 语言库209/ [索取号:H31/X870=2] | 在馆 | |
| 2 | 969616 | 209696168 | 语言库209/209语言库 88排4列3层/ [索取号:H31/X870=2] | 在馆 | |
| 3 | 969617 | 209696177 | 语言库209/209语言库 88排4列3层/ [索取号:H31/X870=2] | 在馆 |